000 01303nam a2200229Ia 4500
003 Ost
005 20260507075539.0
008 260507s9999||||xx |||||||||||||| ||und||
020 _a977575839302
040 _cfsecg
041 _aara
082 _a330.15
100 _aرونالد، ستيدهام
_eمؤلف
245 0 _aالاقتصاد التحليلي :
_bعلوم الأرض واقتصاد البيئة /
_c ستيدهام رونالد
260 _aالقاهرة:
_bدار الكتاب الحديث,
_c2008
300 _a341 صفحة؛
_bإيضاحات ؛
_c24 سم
520 _aيضم الإقتصاد وكوكب الأرض ، علامات الإجهاد المناخ والمياه، القاعدة البيولوجية، شكل اقتصاد البيئة، بناء الإقتصاد الشمسي الإيدروجيني، التغذية الجديدة للجميع، حماية منتجات الغابات وخدماتها، إعادة تصميم المدن لتلائم الناس، تثبيت عدد السكان عن طريق خفض الخصوبة، أدوات إعادة هيكلة الإقتصاد، الإسراع في عملية الإنتقال
653 _aالإقتصاد التحليلي
653 _aالبيئة
653 _aعلوم الأرض
942 _cكتاب
999 _c44859
_d44859